Szczegóły MARC21

Dusza Kalabrii /

003 -Nazwa inst., której nr kontr. jest w polu 001 [,]
    • @
    • Nazwa instytucji, której n kontrolny jest w polu 001
    • NUKAT
005 -DATA I CZAS OSTATNIEJ MODYFIKACJI [,]
    • @
    • pole kontrolne
    • 20251001103102.0
020 -Międzynarod. znormalizowany nr książki - ISBN [ , ]
    • a
    • Numer ISBN
    • 9788322645406 Find
    • q
    • Dopowiedzenie
    • (oprawa twarda) :
    • c
    • Terms of availability
    • egzemplarz bezpłatny
020 -Międzynarod. znormalizowany nr książki - ISBN [ , ]
    • z
    • Błędny ISBN (P)
    • 9788322645437 Find
    • q
    • Dopowiedzenie
    • (e-book)
024 -Inne numery identyfikacyjne – DOI [7, ]
    • a
    • Numer DOI
    • 10.31261/PN.4279
    • 2
    • Źródło numeru lub kodu
    • doi
040 -Instytucja sporządzająca opis [ , ]
    • a
    • Instytucja, która sporządziła opis (NP)
    • WA N
    • c
    • Instytucja, która sporządziła rekord (NP)
    • WA N
    • d
    • Instytucja, która zmodyfikowała rekord (P)
    • WA N
    • d
    • Instytucja, która zmodyfikowała rekord (P)
    • KR U
041 -Język dokumentu [1, ]
    • a
    • Język tekstu (P)
    • polski
    • b
    • Język streszczeń lub abstraktu (P)
    • angielski
    • b
    • Język streszczeń lub abstraktu (P)
    • włoski
    • k
    • Język tekstu przekładu pośredniego
    • włoski
    • h
    • Język tekstu oryginalnego i/lub pośredniego (P)
    • nieokreślone
942 -Rodzaj dokumentu [ , ]
    • c
    • Rodzaj dokumentu
    • Książka
100 -Hasło główne - nazwa osobowa [1, ]
    • a
    • Nazwa osobowa (NP)
    • Alberti, Kazimiera
    • d
    • Daty biograficzne (NP)
    • (1898-1962).
    • e
    • Rodzaj współpracy
    • Autor
    • 9
    • KHW
    • 733935
245 -Strefa tytułu i oznaczenia odpowiedzialności [1,0]
    • a
    • Tytuł
    • Dusza Kalabrii / Find
    • c
    • Pozostałe elementy strefy tytułu i oznaczenia odpowiedzialności (NP)
    • Kazimiera Alberti ; przekład Sandra Strugała, Małgorzata Ślarzyńska ; tłumaczenie przejrzał Marcin Wyrembelski ; wstęp, przypisy, indeksy osobowe oraz indeksy nazw geograficznych Mariusz Jochemczyk, Miłosz Piotrowiak, przy współudziale Janiny Janas.
246 -Wariant tytułu [1, ]
    • i
    • Tekst wyświetlany na ekranie monitora (NP)
    • Tytuł oryginału:
    • a
    • Tytuł (NP)
    • Anima della Calabria,
250 -Strefa wydania [ , ]
    • a
    • Oznaczenie wydania (NP)
    • Wydanie I.
260 -Strefa adresu wydawniczego [ , ]
    • a
    • Miejsce wydania (P)
    • Katowice :
    • b
    • Nazwa wydawcy (P)
    • Wydawnictwo Uniwersytetu Śląskiego,
    • c
    • Data wydania (P)
    • 2025.
300 -Strefa opisu fizycznego [ , ]
    • a
    • Określenie formy książki i/lub objętość (NP)
    • 389, [3] strony :
    • b
    • Oznaczenie ilustracji (NP)
    • fotografie ;
    • c
    • Format (NP)
    • 25 cm.
336 -Typ zawartości [ , ]
    • a
    • Termin opisujący typ zawartości
    • Tekst
    • b
    • Kod określający zawartość
    • txt
    • 2
    • Źródło (terminu i kodu)
    • rdacontent
337 -Typ mediów [ , ]
    • a
    • Tryb odtwarzania
    • Bez urządzenia pośredniczącego
    • b
    • Kod typu mediów
    • n
    • 2
    • Źródło (terminu i kodu)
    • rdamedia
338 -Typ/rodzaj nośnika [ , ]
    • a
    • Hasło opisujące typ nośnika
    • Wolumin
    • b
    • Kod typu nośnika
    • nc
    • 2
    • Źródło (terminu i kodu)
    • rdacarrier
380 -Deskryptor - Forma dzieła (P) [ , ]
    • a
    • forma dzieła (NP)
    • Książki
380 -Deskryptor - Forma dzieła (P) [ , ]
    • a
    • forma dzieła (NP)
    • Literatura faktu, eseje, publicystyka
386 -Deskryptor - przynależność kulturowa (P) [ , ]
    • m
    • Wyrażenie wprowadzające (NP)
    • Przynależność kulturowa
    • a
    • Przynależność kulturowa (NP)
    • Literatura włoska
388 -Deskryptor - czas powstania dzieła (P) [1, ]
    • a
    • Czas powstania dzieła (NP)
    • 1901-2000
388 -Deskryptor - czas powstania dzieła (P) [1, ]
    • a
    • Czas powstania dzieła (NP)
    • 1945-1989
500 -Uwaga ogólna [ , ]
    • a
    • Uwaga ogólna (NP)
    • Tytuł oryginału: L'anima della Calabria.
504 -Uwaga dot. bibliogr. załącznikowej [ , ]
    • a
    • Uwaga dot. bibliografii załącznikowej
    • Indeksy.
546 -Uwaga dot. języka [ , ]
    • a
    • Uwaga dot. języka
    • Streszczenie w języku angielskim i włoskim.
600 -Hasło przedmiotowe w formie nazwy osobowej [1,7]
    • a
    • Nazwa osobowa
    • Alberti, Kazimiera
    • d
    • Daty związane z nazwą
    • (1898-1962)
    • 2
    • Źródło terminu
    • DBN
    • 9
    • KHW
    • 734080
648 -Hasło przedmiotowe - chronologia [ ,7]
    • a
    • Deskryptor chronologiczny
    • 1901-2000
    • 2
    • Źródło terminu
    • DBN
    • 9
    • KHW
    • 721448
648 -Hasło przedmiotowe - chronologia [ ,7]
    • a
    • Deskryptor chronologiczny
    • 1945-1989
    • 2
    • Źródło terminu
    • DBN
    • 9
    • KHW
    • 721450
651 -Hasło przedmiotowe w formie nazwy geograficznej [ ,7]
    • a
    • Nazwa geograficzna
    • Kalabria (Włochy ; region)
    • 2
    • Źródło terminu
    • DBN
    • 9
    • KHW
    • 734073
655 -Hasło w funkcji tematu formalnego [ ,7]
    • a
    • Hasło
    • Relacja z podróży
    • 2
    • Źródło terminu
    • DBN
    • 9
    • KHW
    • 724420
658 -Ujęcie treści [ , ]
    • a
    • dziedzina nauki i sztuki/ sfera aktywności życiowej
    • Podróże i turystyka
700 -Hasło dodatkowe - nazwa osobowa [1, ]
    • a
    • Nazwa osobowa (NP)
    • Strugała, Sandra. Find
    • e
    • Określenie rodzaju współpracy
    • Tłumaczenie
    • 9
    • KHW
    • 733973
700 -Hasło dodatkowe - nazwa osobowa [1, ]
    • a
    • Nazwa osobowa (NP)
    • Ślarzyńska, Małgorzata Find
    • d
    • Daty biograficzne (NP)
    • (1984- ).
    • e
    • Określenie rodzaju współpracy
    • Tłumaczenie
    • 9
    • KHW
    • 733964
700 -Hasło dodatkowe - nazwa osobowa [1, ]
    • a
    • Nazwa osobowa (NP)
    • Wyrembelski, Marcin. Find
    • e
    • Określenie rodzaju współpracy
    • Tłumaczenie
    • 9
    • KHW
    • 733946
700 -Hasło dodatkowe - nazwa osobowa [1, ]
    • a
    • Nazwa osobowa (NP)
    • Jochemczyk, Mariusz. Find
    • e
    • Określenie rodzaju współpracy
    • Indeks
    • e
    • Określenie rodzaju współpracy
    • Przypisy
    • e
    • Określenie rodzaju współpracy
    • Wstęp
    • 9
    • KHW
    • 40892
700 -Hasło dodatkowe - nazwa osobowa [1, ]
    • a
    • Nazwa osobowa (NP)
    • Piotrowiak, Miłosz. Find
    • e
    • Określenie rodzaju współpracy
    • Indeks
    • e
    • Określenie rodzaju współpracy
    • Przypisy
    • e
    • Określenie rodzaju współpracy
    • Wstęp
    • 9
    • KHW
    • 42581
700 -Hasło dodatkowe - nazwa osobowa [1, ]
    • a
    • Nazwa osobowa (NP)
    • Janas, Janina Find
    • d
    • Daty biograficzne (NP)
    • (1951- ).
    • e
    • Określenie rodzaju współpracy
    • Indeks
    • e
    • Określenie rodzaju współpracy
    • Przypisy
    • e
    • Określenie rodzaju współpracy
    • Wstęp
    • 9
    • KHW
    • 733937
710 -Hasło dodatkowe - nazwa ciała zbiorowego [2, ]
    • a
    • Nazwa ciała zbiorowego lub nazwa geograficzna jako pierwszy element (NP)
    • Uniwersytet Śląski (Katowice).
    • b
    • Nazwa jednostki podrzędnej (P)
    • Wydawnictwo.
    • e
    • Rodzaj współpracy
    • Wydawca
    • 4
    • Kod relacji
    • pbl
    • 9
    • KHW
    • 52826
920 -ISBN [ , ]
    • a
    • ISBN
    • 978-83-226-4540-6 (oprawa twarda) : egzemplarz bezpłatny Find
920 -ISBN [ , ]
    • z
    • Błędny ISBN
    • 978-83-226-4543-7 (e-book) Find
Numer inwentarzowy Status udost. Lokalizacja Data inwentaryzacji Obwoluta
BEL.802-3BG2025-11-121